Práva dítěte v dokumentech / [editoři Soňa Koblová, Věra Mišurcová]
Record details
- ISBN: 80-8521-56-7 (brož.) :
- Physical Description: 94 s.
- Publisher: Praha : Themis, 1999
Content descriptions
| General Note: | Poznámky Dotisk Vydavatel Odbor prevence kriminality Ministerstva vnitra, Česká sekce Mezinárodní ochrany dětí, Fond ohrožených dětí |
Search for related items by subject
| Subject: | práva dětí mezinárodní smlouvy právní předpisy komentáře |
Available copies
- 1 of 1 copy available at Common Catalog SPOK.
Holds
- 0 current holds with 1 total copy.
Other Formats and Editions
Show Only Available Copies
| Location | Call Number / Copy Notes | Barcode | Shelving Location | Status | Due Date |
|---|---|---|---|---|---|
| Montessori Library | KNI0122 | 4614600122 | Chodba | Available | - |
| LDR | 00993nam a2200289 a 4500 | ||
|---|---|---|---|
| 001 | 45588 | ||
| 003 | CZ-PrJAB | ||
| 005 | 20191218115121.0 | ||
| 008 | 050609tuuuuuuuuxr-----e------------cze-- | ||
| 020 | . | ‡a80-8521-56-7 (brož.) : ‡cKč 99.00 | |
| 035 | . | ‡a(CZ-LiKVK)0047315 | |
| 040 | . | ‡aLIA001 ‡bcze | |
| 041 | 1 | . | ‡acze ‡heng |
| 080 | . | ‡a342.7 ‡2MRF-sel | |
| 080 | . | ‡a342.1/.3 ‡2MRF-sel | |
| 245 | 0 | 0. | ‡aPráva dítěte v dokumentech / ‡c[editoři Soňa Koblová, Věra Mišurcová] |
| 260 | . | ‡aPraha : ‡bThemis, ‡c1999 | |
| 300 | . | ‡a94 s. | |
| 500 | . | ‡aPoznámky | |
| 500 | . | ‡aDotisk | |
| 500 | . | ‡aVydavatel Odbor prevence kriminality Ministerstva vnitra, Česká sekce Mezinárodní ochrany dětí, Fond ohrožených dětí | |
| 650 | 0 | 7. | ‡apráva dětí ‡2czenas ‡7ph124706 |
| 650 | 0 | 7. | ‡amezinárodní smlouvy ‡2LIA001 ‡7ph122825 |
| 650 | 0 | 7. | ‡aprávní předpisy ‡2LIA001 ‡7ph124717 |
| 650 | 0 | 7. | ‡akomentáře ‡2LIA001 |
| 700 | 1 | . | ‡aKoblová, Soňa ‡4aut ‡7jn20001227321 |
| 700 | 1 | . | ‡aMišurcová, Věra, ‡d1926- ‡4aut ‡7jk01081838 |
| 910 | . | ‡aABG2323 | |
| 901 | . | ‡a45588 ‡bCZ-PrJAB ‡c45588 ‡tbiblio | |